Jacob trocando las manos quando bendice a los hijos de Josef (Record no. 102993)

MARC details
000 -LEADER
campo de control de longitud fija 02201nka a2200361 i 4500
001 - NÚMERO DE CONTROL
campo de control 102993
003 - IDENTIFICADOR DE NÚMERO DE CONTROL
campo de control ES-MaACL
005 - FECHA Y HORA DE LA ÚLTIMA TRANSACCIÓN
campo de control 20250823063058.0
007 - CAMPO FIJO DE DESCRIPCIÓN FÍSICA--INFORMACIÓN GENERAL
campo de control de longitud fija k
008 - DATOS DE LONGITUD FIJA--INFORMACIÓN GENERAL
campo de control de longitud fija 051223e1808 sp --- | |r00 c|spa
100 1# - ENTRADA PRINCIPAL--NOMBRE DE PERSONA
Nombre de persona Esteve Vilella, Rafael,
Fechas asociadas al nombre 1772-1847
Término indicativo de función/relación Grabador
9 (RLIN) 167313
245 10 - MENCIÓN DEL TÍTULO
Título Jacob trocando las manos quando bendice a los hijos de Josef
Medio [Material gráfico] /
Mención de responsabilidad, etc. Francº. Barbieri vulgo Guercino pintó ; Josef Martinez dibuxó ; Rafael Esteve Grabador de Cámara lo grabó en Madrid año 1808
260 ## - PUBLICACIÓN, DISTRIBUCIÓN, ETC.
Lugar de publicación, distribución, etc. [Madrid] :
Nombre del editor, distribuidor, etc. Se halla en la Real Calcografía,
Fecha de publicación, distribución, etc. 1808
300 ## - DESCRIPCIÓN FÍSICA
Extensión 1 estampa :
Otras características físicas grabado calcográfico ;
Dimensiones 450 x 500 mm
490 1# - MENCIÓN DE SERIE
Mención de serie Colección facticia de grabados ;
Designación de volumen o secuencia 37
RLIN 184692
500 ## - NOTA GENERAL
Nota general Inscripción: "Jacob trocando las manos quando bendice á los hijos de Josef. Quadro célebre de Francisco Barbieri llamado vulgarmente Guercino de Cento"<br/>
530 ## - NOTA DISPONIBLE DE FORMULARIO FÍSICO ADICIONAL
Nota de formato físico adicional disponible Disponible en formato digital
594 ## - Nota al título y mención de responsabilidad
Nota al título y mención de responsabilidad El cuadro original de Guercino se encuentra actualmente en la Galería Nacional de Irlanda. Fue pintado para el cardenal Giacopo Serra en 1620, perteneció a Juan Alfonso Enriquez de Cabrera, 9º almirante de Castilla, quien lo depositó en la iglesia de San Pascual Bailón. Posteriormente pasó a manos de Godoy (1803), momento en que Esteve realizó este grabado. Tras la caída de Godoy pasó por varias colecciones hasta ser adquirido en 2008 por la Galería Nacional de Irlanda
600 04 - PUNTO DE ACCESO ADICIONAL DE MATERIA--NOMBRE DE PERSONA
Nombre de persona Jacob (Personaje bíblico)
9 (RLIN) 241929
650 #7 - PUNTO DE ACCESO ADICIONAL DE MATERIA--TÉRMINO DE MATERIA
Término de materia o nombre geográfico como elemento de entrada Personajes bíblicos
Fuente del encabezamiento o término embne
9 (RLIN) 168952
655 #7 - TERMINO DE INDIZACIÓN--GENERO/FORMA
Datos o término principal de género/forma Grabados calcográficos
Fuente del término tgfbne
9 (RLIN) 241761
655 #7 - TERMINO DE INDIZACIÓN--GENERO/FORMA
Datos o término principal de género/forma Grabados
Fuente del término tgfbne
9 (RLIN) 226846
655 #4 - TERMINO DE INDIZACIÓN--GENERO/FORMA
Datos o término principal de género/forma Reproducciones de obras de arte
9 (RLIN) 241931
700 0# - ENTRADA AGREGADA--NOMBRE PERSONAL
Nombre de persona Il Guercino,
Fechas asociadas al nombre 1591-1666
Término indicativo de función/relación Artista
9 (RLIN) 65164
700 1# - ENTRADA AGREGADA--NOMBRE PERSONAL
Nombre de persona Martínez, José,
Fechas asociadas al nombre s. XIX
Término indicativo de función/relación Dibujante
9 (RLIN) 77769
710 2# - ENTRADA AGREGADA--NOMBRE DE ENTIDAD CORPORATIVA
Nombre de entidad corporativa o nombre de jurisdicción como elemento de entrada Calcografía Nacional (España)
Término indicativo de función/relación Editor
9 (RLIN) 2350
830 #0 - PUNTO DE ACCESO ADICIONAL DE SERIE-TÍTULO UNIFORME
Título uniforme Colección facticia de grabados ;
Designación de volumen o secuencia 37
9 (RLIN) 184692
852 4# - LOCALIZACIÓN
Ubicación ES-MaACL
Ubicación en estantería Depósito 2
Número de control de estantería GF-2(37)
856 4# - LOCALIZACIÓN Y ACCESO ELECTRÓNICOS
Identificador Uniforme de Recursos <a href="https://www.academiacolecciones.com/estampas/inventario.php?id=GR-3024">https://www.academiacolecciones.com/estampas/inventario.php?id=GR-3024</a>
Texto de enlace Versión en línea
Nota pública (Real Academia de Bellas Artes de San Fernando)
942 ## - ELEMENTOS DE ENTRADA SECUNDARIOS (KOHA)
Fuente del sistema de clasificación o colocación Clasificación decimal universal
Tipo de ítem Koha Grabado
Suprimir en OPAC No
Holdings
Estatus retirado Estado de pérdida Fuente del sistema de clasificación o colocación Estado de daño No para préstamo Colección Biblioteca de origen Biblioteca actual Ubicación en estantería Fecha de adquisición Total de préstamos Signatura topográfica completa Código de barras Visto por última vez Tipo de ítem Koha
    Clasificación decimal universal     Colección digital Biblioteca del Ateneo de Madrid Biblioteca del Ateneo de Madrid Depósito 2 17/01/2008   GF-2(37) 1107542 23/02/2023 Grabado